[Event "Imre Konig mem"]
[Site "?"]
[Date "2002.09.04"]
[Round "1"]
[White "Atalik Suat"]
[Black "De Firmian Nick E"]
[Result "1/2-1/2"]
[WhiteElo "2551"]
[BlackElo "2551"]
[PlyCount "71"]
[EventDate "2002.??.??"]
[Source "www.chesslib.no"]
[SourceDate "2004.05.04"]

1. e4 Nf6 2. e5 Nd5 3. d4 d6 4. c4 Nb6 5. f4 dxe5 6. fxe5 Bf5 7. Nc3 e6 8. Nf3 Nc6 9. Be3 Bg4 10. Be2 Bxf3 11. gxf3 Qh4+ 12. Bf2 Qf4 13. c5 Nd5 14. Nxd5 exd5 15. Qd2 Qxd2+ 16. Kxd2 g6 17. f4 Bh6 18. Be3 Ne7 19. Bd3 Nf5 20. Bxf5 gxf5 21. Rhg1 Kd7 22. Rg3 Rag8 23. b4 Rxg3 24. hxg3 Bf8 25. b5 c6 26. a4 Be7 27. Rh1 h5 28. Bf2 Bd8 29. Ke2 Rh6 30. Kf3 Rh8 31. Be1 Rh6 32. Rh2 Rh8 33. Rb2 Kc8 34. bxc6 bxc6 35. a5 a6 36. Rb1 1/2-1/2

[Event "XXVIII Open internazionale"]
[Site "Benasque SPA"]
[Date "2008.07.10"]
[Round "8"]
[White "MAGEM BADALS, Jordi"]
[Black "SPRAGGETT, Kevin"]
[Result "1/2-1/2"]
[WhiteElo "2500"]
[BlackElo "2601"]
[PlyCount "49"]
[EventDate "2008.07.03"]
[Source "www.chesslib.no"]
[SourceDate "2004.05.04"]

1. e4 Nf6 2. e5 Nd5 3. d4 d6 4. c4 Nb6 5. exd6 exd6 6. Nc3 Nc6 7. h3 Be7 8. Nf3 O-O 9. Be2 Bf5 10. O-O Bf6 11. Bf4 Re8 12. b3 h6 13. Rc1 Ne7 14. Qd2 c6 15. Rfe1 d5 16. c5 Nd7 17. Bf1 Nf8 18. g4 Bh7 19. b4 Ne6 20. Bg3 Ng6 21. Bg2 Nh4 22. Ne5 Nxg2 23. Kxg2 Ng5 24. f3 Rc8 25. b5 1/2-1/2

[Event "BL2-N 9495"]
[Site "GER"]
[Date "1995.??.??"]
[Round "?"]
[White "Rogers, Ian"]
[Black "Bagirov, Vladimir K"]
[Result "1-0"]
[WhiteElo "2570"]
[BlackElo "2530"]
[PlyCount "85"]
[EventDate "1994.??.??"]
[Source "www.chesslib.no"]
[SourceDate "2004.05.04"]

1. e4 Nf6 2. e5 Nd5 3. d4 d6 4. c4 Nb6 5. exd6 exd6 6. Nc3 Be7 7. h3 Nc6 8. Nf3 Bf5 9. d5 Ne5 10. Nd4 Bd7 11. b3 O-O 12. Be2 c5 13. dxc6 bxc6 14. O-O Re8 15. Be3 Qc7 16. Rc1 Rad8 17. Qd2 Bc8 18. Qc2 Bf8 19. Rfd1 Qe7 20. Bf4 Bb7 21. Nf5 Qe6 22. Re1 Qg6 23. Bg3 Bc8 24. Nd4 Bb7 25. Qxg6 hxg6 26. Bf1 a6 27. Nc2 f6 28. f4 Nf7 29. Bf2 Nd7 30. Nd4 f5 31. g4 Rxe1 32. Rxe1 c5 33. Ne6 Re8 34. g5 Rc8 35. Nd5 Nd8 36. Nxf8 Kxf8 37. Ne7 Rc7 38. Nxg6+ Kf7 39. Nh8+ Kf8 40. Bd3 Nf7 41. Ng6+ Kg8 42. Re8+ Kh7 43. Bxf5 1-0

[Event "Isle of Man op"]
[Site "Isle of Man"]
[Date "1997.??.??"]
[Round "3"]
[White "Emms, John M"]
[Black "Baburin, Alexander"]
[Result "1/2-1/2"]
[WhiteElo "2530"]
[BlackElo "2570"]
[PlyCount "81"]
[EventDate "1997.10.??"]
[Source "www.chesslib.no"]
[SourceDate "2004.05.04"]

1. e4 Nf6 2. e5 Nd5 3. d4 d6 4. c4 Nb6 5. exd6 exd6 6. Nc3 Nc6 7. Nf3 Bg4 8. Be2 Be7 9. d5 Bxf3 10. Bxf3 Ne5 11. Be2 O-O 12. b3 Bf6 13. Bb2 a5 14. O-O Re8 15. Qd2 Ned7 16. Rad1 Nc5 17. Qc2 g6 18. Rfe1 Bg7 19. Bf1 Qd7 20. Nb5 f5 21. g3 Qf7 22. a3 Re7 23. Rxe7 Qxe7 24. Bxg7 Qxg7 25. Re1 Kh8 26. Bg2 Rc8 27. b4 axb4 28. axb4 Na6 29. Qb3 Nd7 30. f4 Nf6 31. h3 Re8 32. Rxe8+ Nxe8 33. Qe3 Qd7 34. Qa7 Nxb4 35. Qxb7 Nd3 36. Qb8 Kg7 37. Nd4 Nc5 38. Kh2 h5 39. Qb2 Nf6 40. Nf3 Qe7 41. Qb8 1/2-1/2

[Event "Campionato europeo 2007"]
[Site "Dresda GER"]
[Date "2007.04.12"]
[Round "9.71"]
[White "Meier, Georg"]
[Black "Popov, Valerij"]
[Result "1-0"]
[WhiteElo "2506"]
[BlackElo "2589"]
[PlyCount "129"]
[EventDate "2007.04.03"]
[Source "www.chesslib.no"]
[SourceDate "2004.05.04"]

1. e4 Nf6 2. e5 Nd5 3. d4 d6 4. c4 Nb6 5. exd6 exd6 6. Nc3 Be7 7. Bd3 Nc6 8. Nge2 Bg4 9. Be3 Qd7 10. b3 Nb4 11. Bb1 c6 12. O-O d5 13. c5 Nc8 14. a3 Na6 15. b4 Nc7 16. Qd3 g6 17. Bh6 Bf8 18. Qe3+ Qe7 19. Bg5 Qxe3 20. fxe3 Bg7 21. h3 Bxe2 22. Nxe2 O-O 23. Bd3 a6 24. g4 Ne6 25. Bf4 Re8 26. Kf2 Ne7 27. h4 Bf6 28. Bg3 Nc8 29. a4 Bg7 30. Rab1 Ne7 31. Kg2 Nc8 32. Rf3 Ra7 33. Rbf1 Re7 34. Nc1 Rd7 35. Nb3 Ra8 36. Na5 Na7 37. Rb1 Nc8 38. Rbf1 Bf6 39. Kh2 Re7 40. Be5 Bg7 41. Bg3 Rd7 42. R1f2 Na7 43. Rb2 Nc8 44. Rb1 Re7 45. Bf1 Nd8 46. Bh3 f6 47. Bf1 Nf7 48. Bd3 Rd7 49. Kh3 Ne7 50. Rbf1 Nh6 51. h5 Re8 52. b5 axb5 53. axb5 Ra8 54. Ra1 f5 55. g5 Nf7 56. Bf4 gxh5 57. Rff1 Re8 58. Kh4 h6 59. Kxh5 hxg5 60. Bxg5 Nxg5 61. Kxg5 Kf7 62. Rae1 Ke6 63. bxc6 Bh6+ 64. Kxh6 Kf6 65. Bxf5 1-0

[Event "Dresden ZMD op"]
[Site "?"]
[Date "2003.08.02"]
[Round "9"]
[White "Nisipeanu Liviu Dieter"]
[Black "Khaetsky Roman"]
[Result "1-0"]
[WhiteElo "2666"]
[BlackElo "2425"]
[PlyCount "119"]
[EventDate "2003.??.??"]
[Source "www.chesslib.no"]
[SourceDate "2004.05.04"]

1. e4 Nf6 2. e5 Nd5 3. d4 d6 4. c4 Nb6 5. exd6 exd6 6. h3 Be7 7. Nf3 Bf5 8. Bd3 Bxd3 9. Qxd3 O-O 10. O-O Nc6 11. b3 Bf6 12. Bb2 Qd7 13. Nbd2 d5 14. c5 Nc8 15. Ne5 Bxe5 16. dxe5 N8e7 17. Rad1 Qf5 18. Qxf5 Nxf5 19. Nf3 Nfe7 20. g4 Rfe8 21. Rd2 Rad8 22. Rfd1 Rd7 23. Kh2 Nd8 24. Nd4 Ne6 25. Nf5 Nxf5 26. gxf5 Nxc5 27. Rxd5 Red8 28. Rxd7 Rxd7 29. Rxd7 Nxd7 30. Kg3 Kf8 31. Kf4 f6 32. e6 Nb6 33. h4 h5 34. Ke4 Ke8 35. Ba3 Nc8 36. Bc5 a6 37. f3 Ne7 38. Bxe7 Kxe7 39. Kd5 Ke8 40. Kc5 Ke7 41. Kd5 Ke8 42. b4 Ke7 43. a3 Ke8 44. a4 Kd8 45. Kd4 Ke7 46. Kc5 Ke8 47. b5 axb5 48. axb5 Ke7 49. Kd5 Ke8 50. Kc5 Ke7 51. b6 c6 52. f4 g6 53. fxg6 Kxe6 54. f5+ Ke7 55. g7 Kf7 56. Kd6 Kxg7 57. Kc7 c5 58. Kxb7 c4 59. Kc8 c3 60. b7 1-0

[Event "It (Men) La Roche Sur Yon FRA"]
[Site "?"]
[Date "2006.03.22"]
[Round "7"]
[White "Rodriguez Guerrero Enrique"]
[Black "Bauer Christian"]
[Result "1-0"]
[WhiteElo "2464"]
[BlackElo "2627"]
[PlyCount "89"]
[EventDate "2006.??.??"]
[Source "www.chesslib.no"]
[SourceDate "2004.05.04"]

1. e4 Nf6 2. e5 Nd5 3. d4 d6 4. c4 Nb6 5. exd6 exd6 6. Nc3 Be7 7. Bd3 Nc6 8. Nge2 Bf6 9. Be3 O-O 10. b3 Re8 11. O-O Bg4 12. Qd2 Bh5 13. Rae1 Bg6 14. h3 d5 15. c5 Nc8 16. Nf4 N8e7 17. g4 Bxd3 18. Qxd3 g6 19. Rb1 b6 20. b4 Qd7 21. Rfd1 Bg7 22. b5 Na5 23. c6 Qd8 24. Ng2 a6 25. a4 axb5 26. axb5 Nc4 27. Bf4 h5 28. Qg3 Ra3 29. Rd3 Ra7 30. Ne3 hxg4 31. hxg4 Nxe3 32. Bxe3 Nc8 33. Qf3 Nd6 34. Qxd5 Qh4 35. Qg5 Qxg5 36. Bxg5 Ra3 37. Rbd1 Bxd4 38. Rxd4 Rxc3 39. Bf6 Re6 40. g5 Ne8 41. Rd8 Rh3 42. Kg2 Rh4 43. Kg3 Rh5 44. R1d7 Rh1 45. Be7 1-0

[Event "Sochi"]
[Site "Sochi"]
[Date "1986.??.??"]
[Round "11"]
[White "Geller, Efim P"]
[Black "Vaganian, Rafael A"]
[Result "1/2-1/2"]
[WhiteElo "2490"]
[BlackElo "2600"]
[PlyCount "51"]
[EventDate "1986.09.??"]
[Source "ChessBase"]

1. e4 Nf6 2. e5 Nd5 3. d4 d6 4. c4 Nb6 5. f4 dxe5 6. fxe5 Bf5 7. Nc3 e6 8. Nf3 Nc6 9. Be3 Be7 10. d5 exd5 11. cxd5 Nb4 12. Nd4 Bd7 13. Nf3 Bg4 14. Bxb6 axb6 15. Be2 Bc5 16. a3 Bxf3 17. Bxf3 Qh4+ 18. g3 Qd4 19. Qxd4 Nc2+ 20. Kd2 Nxd4 21. Bd1 c6 22. Kd3 b5 23. Ne4 Bb6 24. Nd6+ Ke7 25. Rf1 f6 26. Nf5+ 1/2-1/2

[Event "Istanbul (ol)"]
[Site "?"]
[Date "2000.??.??"]
[Round "?"]
[White "Al_Modiahki, M."]
[Black "Baburin, A."]
[Result "1-0"]
[WhiteElo "2495"]
[BlackElo "2590"]
[PlyCount "91"]
[EventDate "2000.??.??"]
[Source "Chess Informant"]
[SourceDate "2000.10.01"]

1. e4 Nf6 2. e5 Nd5 3. d4 d6 4. c4 Nb6 5. exd6 exd6 6. Be3 Be7 7. Bd3 Nc6 8. Nf3 Nb4 9. Be2 Bf5 10. Na3 d5 11. c5 Nd7 12. O-O O-O 13. Qb3 a5 14. Rac1 b6 15. Nb5 c6 16. Nd6 Bxd6 17. cxd6 c5 18. dxc5 bxc5 19. Bxc5 Bc2 20. Qc3 Rc8 21. Bxb4 Rxc3 22. Bxc3 Be4 23. Bd4 Nf6 24. Rc6 Nh5 25. g3 Qd7 26. Ne5 Qh3 27. f3 Nxg3 28. hxg3 Qxg3+ 29. Kh1 Qh3+ 30. Kg1 Qg3+ 31. Kh1 Bf5 32. Ng4 Qh4+ 33. Kg2 h5 34. Bf6 gxf6 35. Rh1 Qg5 36. Rxh5 Qd2 37. Nh6+ Kg7 38. Nxf5+ Kg6 39. Ng3 Re8 40. Kf1 d4 41. d7 Rxe2 42. Rxf6+ Kg7 43. Nf5+ Kxf6 44. d8=Q+ Kg6 45. Qg8+ Kf6 46. Qg7+ 1-0

[Event "ARM-ch"]
[Site "Yerevan"]
[Date "1999.10.19"]
[Round "4"]
[White "Minasian, Artashes"]
[Black "Minasian, Ara"]
[Result "1/2-1/2"]
[WhiteElo "2600"]
[BlackElo "2483"]
[PlyCount "50"]
[EventDate "1999.10.16"]
[Source "ChessBase"]
[SourceDate "2000.02.01"]

1. e4 Nf6 2. e5 Nd5 3. d4 d6 4. c4 Nb6 5. exd6 exd6 6. Nc3 Nc6 7. d5 Ne5 8. f4 Ned7 9. Qd4 Be7 10. Qxg7 Bf6 11. Qg4 Bxc3+ 12. bxc3 Qf6 13. Bd2 Nc5 14. Qg5 Qxg5 15. fxg5 Bf5 16. O-O-O Nd3+ 17. Bxd3 Bxd3 18. c5 Nxd5 19. cxd6 cxd6 20. Nh3 Rc8 21. Nf4 Nxf4 22. Bxf4 Rxc3+ 23. Kb2 Rc2+ 24. Kb3 Rf2 25. Rxd3 Rxf4 1/2-1/2

[Event "Linares Anibal op 9th"]
[Site "Linares"]
[Date "2002.03.08"]
[Round "8"]
[White "Fedorov, Alexei"]
[Black "Mirzoev, Azer"]
[Result "1/2-1/2"]
[WhiteElo "2589"]
[BlackElo "2494"]
[PlyCount "130"]
[EventDate "2002.03.01"]
[Source "ChessBase"]
[SourceDate "2002.05.03"]

1. e4 Nf6 2. e5 Nd5 3. d4 d6 4. c4 Nb6 5. f4 dxe5 6. fxe5 Nc6 7. Be3 Bf5 8. Nc3 e6 9. Nf3 Qd7 10. Be2 O-O-O 11. O-O Be7 12. a4 Nb4 13. a5 Na8 14. Rc1 c6 15. d5 exd5 16. Nd4 Be6 17. Rxf7 Kb8 18. Rxg7 Nc7 19. c5 Rdg8 20. Rxg8+ Rxg8 21. Na4 Bf5 22. e6 Bxe6 23. Bf4 Kc8 24. Qd2 Nca6 25. Qe3 Bh3 26. Bf1 Bf6 27. Kh1 Bf5 28. Nc3 Re8 29. Qf2 Bd3 30. Bd6 Bxd4 31. Qxd4 Qf5 32. Kg1 Rg8 33. g3 Re8 34. Bg2 Nc2 35. Qg7 Qd7 36. Qxd7+ Kxd7 37. Bh3+ Kd8 38. Rd1 Nab4 39. Kf2 d4 40. Rd2 Ne3 41. Na2 Nec2 42. Nxb4 Nxb4 43. Bg4 Re3 44. Bf4 Re8 45. h4 a6 46. Bf3 Ke7 47. g4 Kf8 48. h5 Kg8 49. g5 Kf7 50. Bd1 Re4 51. Kg3 Re1 52. Bb3+ Ke8 53. Rf2 Nd5 54. Bd2 Rg1+ 55. Kh2 Rg4 56. Bd1 Ne3 57. Bxg4 Nxg4+ 58. Kg3 Nxf2 59. Kxf2 Kf7 60. Kg3 Be2 61. Kf4 Bd1 62. h6 Kg6 63. Ke5 d3 64. b4 Ba4 65. Kd6 Bb5 1/2-1/2

[Event "SSKK Bulletinen 40 years"]
[Site "SSKK Bulletinen 40 years"]
[Date "1994.??.??"]
[Round "?"]
[White "Stern, Dieter"]
[Black "Polaczek, Richard"]
[Result "1/2-1/2"]
[WhiteElo "2575"]
[BlackElo "2505"]
[PlyCount "96"]
[EventDate "1994.??.??"]
[Source "www.chesslib.no"]
[SourceDate "2004.05.04"]

1. e4 Nf6 2. e5 Nd5 3. d4 d6 4. c4 Nb6 5. exd6 cxd6 6. d5 e6 7. Nc3 Be7 8. Bd3 O-O 9. Nge2 Na6 10. b3 exd5 11. cxd5 Bf6 12. O-O Re8 13. Ba3 Rxe2 14. Nxe2 Bxa1 15. Qxa1 Nxd5 16. Rd1 Nac7 17. Rd2 Be6 18. Qd1 Qd7 19. Be4 Re8 20. h3 Nf6 21. Bc2 d5 22. Ng3 Rc8 23. Bb2 Nce8 24. Bb1 Qc7 25. Qf3 Qa5 26. Rd1 h6 27. Qe3 a6 28. Nf5 Qc5 29. Nxh6+ gxh6 30. Qxh6 Qf8 31. Qh4 Qg7 32. g4 d4 33. Bxd4 Rd8 34. g5 Rd5 35. f4 Ng4 36. hxg4 Rxd4 37. Qh7+ Qxh7 38. Bxh7+ Kxh7 39. Rxd4 Bxg4 40. Kf2 Be6 41. Ke3 Kg6 42. Rd8 Nc7 43. Ke4 f6 44. gxf6 Kxf6 45. Rf8+ Bf7 46. Rb8 Bd5+ 47. Kd4 Bc6 48. Rf8+ Ke7 1/2-1/2

[Event "BL2-W 9495"]
[Site "GER"]
[Date "1995.??.??"]
[Round "?"]
[White "Balashov, Yuri S"]
[Black "Kengis, Edvins"]
[Result "1/2-1/2"]
[WhiteElo "2505"]
[BlackElo "2575"]
[PlyCount "58"]
[EventDate "1994.10.??"]
[Source "www.chesslib.no"]
[SourceDate "2004.05.04"]

1. e4 Nf6 2. e5 Nd5 3. d4 d6 4. c4 Nb6 5. exd6 exd6 6. Nc3 Be7 7. Nf3 O-O 8. Be2 Bf5 9. O-O Bf6 10. Be3 Nc6 11. d5 Nb4 12. Rc1 Bxc3 13. bxc3 Na6 14. Nd4 Bg6 15. f4 Be4 16. f5 Nd7 17. Qd2 Nac5 18. Bg5 Nf6 19. Rf4 Re8 20. Bf1 Re5 21. Re1 Bd3 22. Nb3 Nce4 23. Qxd3 Nxg5 24. Rxe5 dxe5 25. Rf2 c6 26. dxc6 bxc6 27. Qxd8+ Rxd8 28. Nd2 h5 29. Be2 h4 1/2-1/2

[Event "Hoogovens-B"]
[Site "Wijk aan Zee"]
[Date "1999.01.20"]
[Round "2"]
[White "Brodsky, Michail"]
[Black "Leitao, Rafael"]
[Result "1/2-1/2"]
[WhiteElo "2530"]
[BlackElo "2545"]
[PlyCount "35"]
[EventDate "1999.01.19"]
[Source "ChessBase"]
[SourceDate "1999.04.01"]

1. e4 Nf6 2. e5 Nd5 3. d4 d6 4. c4 Nb6 5. exd6 exd6 6. Nc3 Be7 7. h3 O-O 8. Nf3 Bf5 9. Be2 Bf6 10. O-O Nc6 11. b3 Re8 12. Bf4 h6 13. Qd2 d5 14. c5 Nc8 15. Rad1 N8e7 16. Ne5 Nxd4 17. Qxd4 Ng6 18. Nxd5 1/2-1/2

[Event "NOR-ch playoff"]
[Site "Asker"]
[Date "2000.07.09"]
[Round "2"]
[White "Djurhuus, Rune"]
[Black "Agdestein, Simen"]
[Result "0-1"]
[WhiteElo "2484"]
[BlackElo "2588"]
[PlyCount "48"]
[EventDate "2000.07.16"]
[Source "ChessBase"]
[SourceDate "2000.11.21"]

1. e4 Nf6 2. e5 Nd5 3. d4 d6 4. c4 Nb6 5. f4 Bf5 6. Nc3 e6 7. Nf3 Na6 8. Bd3 Bxd3 9. Qxd3 c5 10. dxc5 Nxc5 11. Qe2 dxe5 12. Nxe5 f6 13. Qh5+ g6 14. Nxg6 hxg6 15. Qxh8 Qd4 16. Ke2 Qxc4+ 17. Kf3 Nd5 18. Rd1 Nd3 19. Qg8 Ne7 20. Qh7 Qc6+ 21. Ke2 Qxg2+ 22. Kxd3 O-O-O+ 23. Kc4 Rxd1 24. Nxd1 Qe2+ 0-1

[Event "Campionato europeo 2007"]
[Site "Dresda GER"]
[Date "2007.04.04"]
[Round "2.94"]
[White "Bauer, Christian"]
[Black "Grunberg, Mihai-Lucian"]
[Result "1/2-1/2"]
[WhiteElo "2629"]
[BlackElo "2442"]
[PlyCount "64"]
[EventDate "2007.04.03"]
[Source "www.chesslib.no"]
[SourceDate "2004.05.04"]

1. e4 Nf6 2. e5 Nd5 3. d4 d6 4. c4 Nb6 5. exd6 cxd6 6. Nc3 g6 7. Be3 Bg7 8. Rc1 O-O 9. b3 e5 10. dxe5 dxe5 11. Qxd8 Rxd8 12. c5 N6d7 13. Nf3 Nc6 14. Ne4 h6 15. Nd6 Nf8 16. Bc4 Rd7 17. O-O Re7 18. Nxc8 Rxc8 19. Rfd1 Ne6 20. Rd6 Ned4 21. Nxd4 exd4 22. Bd2 Ne5 23. Bb5 a6 24. Bf1 g5 25. h3 Rec7 26. Rd5 Nc6 27. f4 Re8 28. a4 Ne7 29. Re1 Kf8 30. Rd6 Nc8 31. Rd5 Ne7 32. Rd6 Nc8 1/2-1/2

[Event "URS Ch sf"]
[Site "Novosibirsk RUS"]
[Date "1971.??.??"]
[Round "?"]
[White "Suetin, Alexei S"]
[Black "Bagirov, Vladimir K"]
[Result "0-1"]
[WhiteElo "2560"]
[BlackElo "2510"]
[PlyCount "130"]
[EventDate "1971.??.??"]
[Source "www.chesslib.no"]
[SourceDate "2004.05.04"]

1. e4 Nf6 2. e5 Nd5 3. d4 d6 4. c4 Nb6 5. f4 dxe5 6. fxe5 Bf5 7. Nc3 e6 8. Nf3 Bb4 9. Bg5 Qd7 10. Qd2 c5 11. Rd1 Nc6 12. d5 Na5 13. Qc1 O-O 14. a3 Bxc3+ 15. Qxc3 Qa4 16. d6 Nc6 17. Be2 Qc2 18. Qxc2 Bxc2 19. Rc1 Be4 20. O-O Nd7 21. Be3 Bxf3 22. gxf3 Ncxe5 23. b4 Rfc8 24. f4 Ng6 25. Bf3 Rab8 26. Rb1 b6 27. b5 Nh4 28. Bc6 Rd8 29. Rfd1 Nf5 30. Rb3 Nf6 31. Rbd3 Kf8 32. a4 Ne8 33. d7 Ned6 34. Bxc5 bxc5 35. Rxd6 Nxd6 36. Rxd6 Ke7 37. Rd3 Rg8 38. a5 h6 39. Kf2 f5 40. h4 g5 41. hxg5 hxg5 42. fxg5 Rxg5 43. b6 axb6 44. a6 Rgg8 45. a7 Rbd8 46. Ra3 Ra8 47. Bxa8 Rxa8 48. Rd3 Kd8 49. Rh3 Kxd7 50. Rh7+ Kd6 51. Rb7 Ke5 52. Ke3 f4+ 53. Kd3 f3 54. Rd7 f2 55. Ke2 Rf8 56. Kf1 Ke4 57. Rb7 Ra8 58. Kxf2 Kd4 59. Rxb6 Rxa7 60. Rxe6 Kxc4 61. Ke2 Rd7 62. Re3 Kb4 63. Rd3 Rxd3 64. Kxd3 Kb3 65. Kd2 c4 0-1